Графоаналитический расчет параметров рельсовых цепей; Известия Томского политехнического института [Известия ТПИ]; Т. 76
| Parent link: | Известия Томского политехнического института [Известия ТПИ]/ Томский политехнический институт (ТПИ).— , 1944-1976 Т. 76.— 1954.— [С. 152-156] |
|---|---|
| 主要作者: | |
| 總結: | Заглавие с титульного листа Электронная версия печатной публикации |
| 語言: | 俄语 |
| 出版: |
1954
|
| 主題: | |
| 在線閱讀: | http://www.lib.tpu.ru/fulltext/v/Bulletin_TPU/1954/v76/20.pdf |
| 格式: | MixedMaterials 電子 Book Chapter |
| KOHA link: | https://koha.lib.tpu.ru/cgi-bin/koha/opac-detail.pl?biblionumber=186394 |
MARC
| LEADER | 00000nla2a2200000 4500 | ||
|---|---|---|---|
| 001 | 186394 | ||
| 005 | 20231031173535.0 | ||
| 035 | |a (RuTPU)RU\TPU\book\202226 | ||
| 035 | |a RU\TPU\book\202225 | ||
| 090 | |a 186394 | ||
| 100 | |a 20101027d1954 k y0rusy50 ca | ||
| 101 | 0 | |a rus | |
| 102 | |a RU | ||
| 135 | |a drnn ---uucaa | ||
| 181 | 0 | |a i | |
| 182 | 0 | |a b | |
| 200 | 1 | |a Графоаналитический расчет параметров рельсовых цепей |b Электронный ресурс |f В. М. Разин | |
| 203 | |a Текст |c электронный | ||
| 215 | |a 1 файл (332 Кб) | ||
| 230 | |a Электронные текстовые данные (1 файл : 332 Кб) | ||
| 300 | |a Заглавие с титульного листа | ||
| 300 | |a Электронная версия печатной публикации | ||
| 320 | |a [Библиогр.: с. 156 (3 назв.)] | ||
| 337 | |a Adobe Reader | ||
| 461 | 1 | |0 (RuTPU)RU\TPU\book\200995 |t Известия Томского политехнического института [Известия ТПИ] |f Томский политехнический институт (ТПИ) |d 1944-1976 | |
| 463 | 1 | |0 (RuTPU)RU\TPU\book\202155 |t Т. 76 |v [С. 152-156] |d 1954 |p 212 с. | |
| 610 | 1 | |a труды учёных ТПУ | |
| 610 | 1 | |a электронный ресурс | |
| 700 | 1 | |a Разин |b В. М. |c российский ученый |c профессор кафедры вычислительной техники Томского политехнического университета |f 1925- |g Виктор Мартемьянович |2 stltpush |3 (RuTPU)RU\TPU\pers\19856 | |
| 801 | 1 | |a RU |b 63413507 |c 20090320 |g PSBO | |
| 801 | 2 | |a RU |b 63413507 |c 20110713 |g PSBO | |
| 856 | 4 | |u http://www.lib.tpu.ru/fulltext/v/Bulletin_TPU/1954/v76/20.pdf | |
| 942 | |c CF | ||